Carregando...
The Akbar nama
| Principais autores: | , |
|---|---|
| Formato: | Printed Book |
| Publicado em: |
New Delhi, Atlantic
1989
|
| coleção: | 3
|
| Assuntos: |
| LEADER | 005990000a22002290004500 | ||
|---|---|---|---|
| 082 | |a 954.025 4 111M9.3 | ||
| 100 | |a Abu-l-Fazl | ||
| 100 | |a Beveridge, H; Tr | ||
| 245 | |a The Akbar nama | ||
| 260 | |a New Delhi, Atlantic | ||
| 260 | |c 1989 | ||
| 465 | |a R 460 | ||
| 490 | |a 3 | ||
| 650 | |a 18th century | ||
| 650 | |a History | ||
| 650 | |a India | ||
| 650 | |a Literature | ||
| 650 | |a Modern | ||
| 650 | |a Mugals | ||
| 942 | |c BK | ||
| 999 | |c 1382 |d 1382 | ||
| 952 | |0 0 |1 0 |4 0 |6 954_025000000000000_4_111M9_3 |7 0 |8 ENG |9 1174 |a MGUL |b MGUL |d 2013-07-16 |e R 460 |l 0 |o 954.025 4 111M9.3 |p 16525 |r 2013-07-16 |w 2013-07-16 |y BK | ||